000 00476nam a2200181Ia 4500
001 9431
005 20260306161718.0
008 260306t2010||||xx |||||||||||||| ||spa||
041 _aESP
082 _a378.985
_bG317
100 _aGarfias Dávila, Marcos
_eAUT
245 0 _aLa formación de la universidad moderna en el Perú. San Marcos 1850 - 1919
260 _c2010
300 _a204 páginas :
_c24 cm.
650 _aGEN
654 _aCED
942 _cLIB
_dJUS
_fJUS
_2ddc
_n
999 _c9431
_d9431